Sports Quiz

Random Sports or Numbers Quiz

Sheffield Wednesday Number 9's Quiz Stats

 Plays Quiz not verified by Sporcle

Score 0/27 Timer 08:00
0 Plays Today
Season Player % Correct
1993/94David Hirst
98.3%
1995/96David Hirst
98.3%
1994/95David Hirst
98.3%
1996/97David Hirst
98.3%
1997/98David Hirst
98.3%
2018/19Steven Fletcher
90%
2015/16Atdhe Nuhiu
89.9%
2014/15Atdhe Nuhiu
88.9%
2017/18Steven Fletcher
86%
2016/17Adam Reach
79.1%
2012/13Gary Madine
78.3%
1999/00Gerald Sibon
77.1%
2013/14Gary Madine
75.5%
2004/05Steve MacLean
71.9%
Season Player % Correct
2005/06Steve MacLean
71.9%
2006/07Steve MacLean
71.9%
2011/12Chris O'Grady
58%
2000/01Andy Booth
57.1%
2002/03Shefki Kuqi
53.7%
2007/08Francis Jeffers
51.5%
2008/09Francis Jeffers
51.5%
2009/10Francis Jeffers
51.5%
2001/02Efan Ekoku
47.6%
2010/11Paul Heffernan
38.5%
2003/04Kim Olsen
28.6%
2003/04Grant Holt
25.5%
2000/01Stuart Ripley
16.5%

You're not logged in!

Compare scores with friends on all Sporcle quizzes.
OR
Log In

Show Comments

Extras

Top Quizzes Today


Score Distribution

Your Account Isn't Verified!

In order to create a playlist on Sporcle, you need to verify the email address you used during registration. Go to your Sporcle Settings to finish the process.

Report this User

Report this user for behavior that violates our Community Guidelines.

Details: